00535nam a22001817a 450000500170000000800410001702000180005804000210007604100080009708200180010524500880012325000120021126000330022330000100025665000350026670000260030170000260032720240223135643.0240223b ||||| |||| 00| 0 eng d a9789358498639 aIN-DiNCcIN-DiNC dasm a891.4514bASA aAsamiya sahityar buranji:bek chamu parichay/ced. by Dipali Gogoi and Karabi Gogoi a1st ed. aDibrugarh:bBanalata,c2024. a168p. aHistory of Assamese literature aGogoi, DipalieEditor aGogoi, KarabieEditor